1149 1787 1383 1474 1394 1508 1251 1107 1946 1852 1577 1842 1550 1582 1048 1926 1714 1290 1857 1655 1907 1408 1398 1022 1158 1366 1938 1150 1774 1393 1558 1020 1031 1368 1074 1139 1186 1138 1063 1928 1033 1959 1501 1458 1840 1096 1171 1669 1428 1090 1060 1483 1778 1831 1783 1064 1051 1788 1130 1827 1098 1368 1040 1471 1074 1972 1791 1381 1076 1411 1970 1675 1497 1573 1709 1598 1323 1075 1003 1832 1108 1213 1257 1468 1806 1192 1354 1797 1330 1478 1770 1846 1042 1456 1468 1124 1091 1476 1932 BCNSPRNW ULIB Ver.6.0+V

เปลี่ยนเป็นภาษาไทย

Change to English
 แสดงรายละเอียดบรรณานุกรม
  กลับหน้าหลัก

Brief Record : Get Marc (ISO 2709) : E-mail record : QR code < ปิดหน้าต่าง
LEADER : 00000nam 2200000uu 4500
001    13399122536
003     ULIB
008    020711s2549 th a 000 0 tha d
020    9742987386
020    9789742987381
050    QL751^bย266ฟ
100    ยิ่งศักดิ์ นิตยฤกษ์
245    ฟิสิกส์และเคมี/^cยิ่งศักดิ์ นิตยฤกษ์
260    กรุงเทพฯ :^bสุวีริยาสาส์น,^c2549
300    96 หน้า
650    ฟิสิกส์
650    เคมี
945    ^p300^l0^i16277
รายการนี้ยังไม่มีแท็ก
คุณยังไม่ได้ล็อกอิน คุณสามารถมีกิจกรรมร่วมกับเว็บไซต์ได้ แต่ต้องล็อกอินก่อน ::
  ล็อกอิน

รายการสื่อสารสนเทศ

ลำดับที่ ประเภท เลขเรียก/บาร์โค้ด สถานที่ สถานะ
1. การศึกษาทั่วไป
การศึกษาทั่วไป
QL751 ย266ฟ ฉ.1 
  Barcode: 16277
ห้องสมุดวิทยาเขตสวรรค์ประชารักษ์
►หนังสือทั่วไป
บนชั้น

รายการใกล้เคียง
    ผู้แต่ง [ยิ่งศักดิ์ นิตยฤกษ์]

    หัวเรื่อง [ฟิสิกส์]
    หัวเรื่อง [เคมี]

BibComment


ยังไม่เคยถูกคอมเมนท์

คอมเมนท์ทรัพยากรรายการนี้
  คอมเมนท์: ฟิสิกส์และเคมี ยิ..


 Copyright 2026. Bcnsprnw @Library